000 01077cad a22002295a 4500
001 L154684
008 120112s2011 xxk f 000 0 eng d
035 _a(Sirsi) u154684
041 0 _aeng
110 2 _aCMS Cameron McKenna
_95874
245 0 0 _aGreen light to adjudicator shopping and draft decisions
_h[electronic resource]
260 _aLondon
_bCMS Cameron McKenna LLP
_c2011
490 0 _aLaw-Now Article
520 _aIn a judgment handed down recently in Lanes Group v Galliford Try the English Court of Appeal held that a referring party in an adjudication may engage in "adjudicator shopping"; and adjudicators may issue draft decisions to the parties before issuing final decisions.
590 _aKA NTK
650 2 4 _aLANES GROUP PLC V GALLIFORD TRY INFRASTRUCTURE LIMITED
651 4 _aEngland and Wales
_y1543-
690 _aConstruction management
_96230
690 _aContracts
_96232
856 4 0 _uhttps://www.law-now.com/DirectMail/%7BAE81FBFC-2EEE-467E-BAE4-58691710639E%7D_greenlight22dec2011.htm
_zView this article at www.law-now.com
942 _n0
999 _c113103
_d113103